000 00649nam a2200181Ia 4500
003 GCL
008 140319s9999 xx 000 0 ara d
040 _aGCL /
_cGCL
082 0 4 _a189.0903
_bا ا
100 1 _aالمختار بن الطاهر التليلى
245 1 0 _aابن رشد وكتابه المقدمات /
_cالمختار بن الطاهر التليلى
300 _a629 ص
490 _aالهيئة العامة للاستعلامات
_v0
650 0 4 _aالفلسفة الاسلامية
650 0 4 _aالفلاسفة المسلمون
650 0 4 _aابن رشد، ابوالوليد محمد بن احمد
942 _2ddc
_cBK
999 _c49519
_d49519